000 01712cam a2200373 a 4500
999 _c331619
_d331619
001 17053497
003 NUST
005 20171006111348.0
008 111121s2010 pk 000 0 urd
010 _a 2011328407
020 _a9789699385056
020 _a9699385057
025 _aP-U-2011328407; 33
037 _bLibrary of Congress -- Islamabad Overseas Office
_cRs 250
040 _aDLC
_cDLC
_dDLC
041 1 _aurd
_heng
042 _alcode
_apcc
043 _aa-pk---
050 0 0 _aKPL2315.G55
_bS57 2010
066 _c(3
_c(4
082 _a390.09541
_bSIN
100 1 _6880-01
_aSingh, Thakar.
_95296
240 1 0 _aCode of Tribal Custom in the Gilgit district.
_lUrdu
245 1 0 _6880-02
_aZ̤ilaʻ Gilgit ke qabāʼilī rasm o ravāj /
_cmuṣannif, Ṭhākur Singh ; mutarjim, Ẓafar Ḥayāt Pāl.
260 _6880-03
_aGilgit :
_bNārth Pablīkeshanz ;
_aLāhaur :
_bSṭākisṭ, Maktabah-yi Jamāl,
_c2010.
300 _a125 p. ;
_c22 cm.
520 _aLaws and regulations concerning social life and customs of Gilgit District (Pakistan).
546 _aIn Urdu; translated from English.
650 0 _aCustomary law
_zPakistan
_zGilgit District
_95297
880 1 _6100-01/(3/r‏
_a‏سنگھ، ٹھاکر.
880 1 0 _6245-02/(3/r‏
_a‏ضلع گلگت کے قبائلى رسم و رواج /‏
_c‏مصنف، ٹھاکر سنگھ ؛ مترجم، ظفر حيات پال.
880 _6260-03/(4/r‏
_a‏گلگت :‏
_b‏نارتھ پبلى‌کيشنز ؛‏
_a‏لاهور :‏
_b‏سٹاکسٹ، مکتبۀ جمال،‏
_c‏‫2010‬.
906 _a7
_bcbc
_corigode
_d2
_encip
_f20
_gy-nonroman
942 _2ddc
_cBK